000 00659nam a2200241Ia 4500
003 OSt
005 20221007100108.0
006 a|||||r|||| 00| 0
007 ta
008 221006b |||||||| |||| 00| 0 eng d
024 _a3,725
037 _cTextual
040 _aLCO
_cLCO
_beng
041 _2eng
_aeng
082 _aZ2,2673-5, M6
100 _aWILLIAMS JOHN.F
_9701243
245 0 _aA manager's guide to patents , trademark & copyright
260 _aLondon
_bKogan page
_c1986
300 _a168
650 _aTRADEMARK & COPYRIGHT
_9701244
942 _hZ2,2673-5, M6
_cTEXL
999 _c1173288
_d1173288